Central Library OPAC University of Rajshahi

Communication systems Analog & Digital / (Record no. 38744)

MARC details
000 -LEADER
fixed length control field 00819pam a22002774a 4500
001 - CONTROL NUMBER
control field 38744
003 - CONTROL NUMBER IDENTIFIER
rucl marc code (BD-RjuL)
005 - DATE AND TIME OF LATEST TRANSACTION
control field 20211209052842.0
008 - FIXED-LENGTH DATA ELEMENTS--GENERAL INFORMATION
fixed length control field 000307s2001 njuab b 001 0 eng
020 ## - INTERNATIONAL STANDARD BOOK NUMBER
International Standard Book Number 9780070634541
International Standard Book Number 0070634548
035 ## - SYSTEM CONTROL NUMBER
System control number (BD-RjuL)
040 ## - CATALOGING SOURCE
Original cataloging agency DLC
Transcribing agency (BD-RjuL)
Modifying agency OrLoB-B
082 00 - DEWEY DECIMAL CLASSIFICATION NUMBER
Classification number 621.382
Edition number 21
Author mark and year SIC 2010
100 1# - MAIN ENTRY--PERSONAL NAME
Personal name Singh, R P
9 (RLIN) 119514
245 10 - TITLE STATEMENT
Title Communication systems Analog & Digital /
Statement of responsibility, etc. R P Singh & S D Sapre
250 ## - EDITION STATEMENT
Edition statement 2nd ed.
260 ## - PUBLICATION, DISTRIBUTION, ETC. (IMPRINT)
Place of publication, distribution, etc. New Delhi :
Name of publisher, distributor, etc. Tata McGraw Hill ,
Date of publication, distribution, etc. c2007 [2009, 2010 reprint].
300 ## - PHYSICAL DESCRIPTION
Pagination xi, 584 p. :
Illustrations ill. ;
Size 25 cm.
500 ## - GENERAL NOTE
General note Includes Index.
650 #0 - SUBJECT ADDED ENTRY--TOPICAL TERM
Topical term or geographic name as entry element Telecommunication systems.
9 (RLIN) 119515
Topical term or geographic name as entry element Digital communications.
9 (RLIN) 117150
700 ## - ADDED ENTRY--PERSONAL NAME
Personal name Sapre, S D
942 ## - ADDED ENTRY ELEMENTS (KOHA)
Source of classification or shelving scheme Dewey Decimal Classification
Koha item type Books
Holdings
Lost status Source of classification or shelving scheme Damaged status Not for loan Permanent Location Current Location Shelving location Date acquired Total Checkouts Full call number Date last seen Copy number Koha item type
  Dewey Decimal Classification   Not For Loan Department of Information and Communication Engineering (ICE) Library Department of Information and Communication Engineering (ICE) Library Seminar Library 16/02/2016   621.382 SIC 2010 16/02/2016 C-1 Books